Энхиридион (Запись № 3118149)
[ простой вид ]
| 000 -МАРКЕР | |
|---|---|
| контрольное поле | 01647nam0a2200325 i 4500 |
| 001 - ИДЕНТИФИКАТОР ЗАПИСИ | |
| контрольное поле | RU\NLR\bibl\1917027 |
| 005 - ИДЕНТИФИКАТОР ВЕРСИИ | |
| контрольное поле | 20260406052050.0 |
| 010 ## - МЕЖДУНАРОДНЫЙ СТАНДАРТНЫЙ НОМЕР КНИГИ (ISBN) | |
| Номер (ISBN) | 9785936151170 |
| 021 ## - НОМЕР ГОСУДАРСТВЕННОЙ РЕГИСТРАЦИИ | |
| Код страны | Российская Федерация |
| Номер | 2012-40326 |
| Номер Листа государственной регистраци | 2976 |
| 035 ## - ДРУГИЕ СИСТЕМНЫЕ НОМЕРА | |
| Идентификатор записи | (NLR Aleph) 001906515 |
| 100 ## - ДАННЫЕ ОБЩЕЙ ОБРАБОТКИ | |
| Данные общей обработки | 20120622d2012 u y0rusy50 ca |
| 101 1# - ЯЗЫК РЕСУРСА | |
| Язык текста, звукозаписи и т.д. | русский |
| Язык оригинала | греческий (древнегр.) |
| 102 ## - СТРАНА ПУБЛИКАЦИИ ИЛИ ПРОИЗВОДСТВА | |
| Страна публикации | Российская Федерация |
| 105 ## - ПОЛЕ КОДИРОВАННЫХ ДАННЫХ: ТЕКСТОВЫЕ МАТЕРИАЛЫ, МОНОГРАФИЧЕСКИЕ | |
| Кодированные данные о монографическом текстовом документе | y ||||||||| |
| 200 1# - ЗАГЛАВИЕ И СВЕДЕНИЯ ОБ ОТВЕТСТВЕННОСТИ | |
| Основное заглавие | Энхиридион |
| Сведения, относящиеся к заглавию | краткое руководство к нравственной жизни |
| Первые сведения об ответственности | Эпиктет |
| 210 ## - ПУБЛИКАЦИЯ, РАСПРОСТРАНЕНИЕ И ДР. | |
| Место издания, распространения и т.д. | Санкт-Петербург |
| Имя издателя, распространителя и т. д. | Владимир Даль |
| Дата издания, распространения и т.д. | 2012 |
| 215 ## - ФИЗИЧЕСКАЯ ХАРАКТЕРИСТИКА | |
| Специфическое обозначение материала и объем | 398, [1] c. |
| Размеры | 17 |
| 300 ## - ОБЩИЕ ПРИМЕЧАНИЯ | |
| Текст примечания | Парал. тит. л. на греч. яз. |
| 423 #0 - ИЗДАЕТСЯ В ОДНОЙ ОБЛОЖКЕ ВМЕСТЕ С ... | |
| Встроенное поле | 2001#$aКомментарий на "Энхиридион" Эпиктета$fСимпликий$g[к сб. в целом:] пер. с греч. А.Я. Тыжов |
| -- | 210##$aСанкт-Петербург$cВладимир Даль$d2012 |
| -- | 215##$aС. 85-398 |
| -- | 700#1$3RU\NLR\auth\77114137$aСимпликий$fок.490-560$4070 |
| Заглавие | Комментарий на "Энхиридион" Эпиктета |
| Автор | Симпликий (ок.490-560) |
| 600 #0 - ИМЯ ЛИЦА КАК ПРЕДМЕТ | |
| Начальный элемент ввода | Эпиктет |
| Даты | ок.50 - 138 до н.э. |
| Системный номер авторитетной/нормативной записи | 1697749 |
| Идентификатор авторитетной/нормативной записи | RU\NLR\auth\661053619 |
| 606 ## - НАИМЕНОВАНИЕ ТЕМЫ КАК ПРЕДМЕТ | |
| Наименование темы | Стоицизм |
| Географический подзаголовок | Рим Древний |
| Системный номер авторитетной/нормативной записи | 2177346 |
| Идентификатор авторитетной/нормативной записи | RU\NLR\auth\661309527 |
| 686 ## - ИНДЕКСЫ ДРУГИХ КЛАССИФИКАЦИЙ | |
| Индекс | Ю3(0)323-231.3 |
| 700 #0 - ИМЯ ЛИЦА - ПЕРВИЧНАЯ ОТВЕТСТВЕННОСТЬ | |
| Код отношения | Автор |
| Материалы, к которым относится поле | rus |
| Графика поля | Кириллица |
| Начальный элемент ввода | Эпиктет |
| Дополнения к именам, кроме дат | философ |
| Даты | ок.50-ок.138 |
| Идентификатор авторитетной/нормативной записи | RU\NLR\AUTH\777161 |
| Системный номер авторитетной/нормативной записи | 117100 |
| 702 #1 - ИМЯ ЛИЦА - ВТОРИЧНАЯ ОТВЕТСТВЕННОСТЬ | |
| Начальный элемент ввода | Тыжов |
| Часть имени, кроме начального элемента ввода | А. Я. |
| Расширение инициалов личного имени | Андрей Яковлевич |
| Код отношения | Переводчик |
| 801 #0 - ИСТОЧНИК ЗАПИСИ | |
| Страна | Российская Федерация |
| Организация | NLR |
| Дата составления | 20120622 |
| Правила каталогизации | RCR |
| 801 #1 - ИСТОЧНИК ЗАПИСИ | |
| Страна | Российская Федерация |
| Организация | NLR |
| Дата составления | 20120622 |
| 942 ## - ДОПОЛНИТЕЛЬНЫЕ ЭЛЕМЕНТЫ ЗАПИСИ (АБИС) | |
| Тип экземпляра АБИС | Книга |
| 980 ## - КОЛЛЕКЦИЯ | |
| Название коллекции | НБР |
Нет доступных экземпляров.